Unit operations of chemical engineering (Record no. 3799)

000 -LEADER
fixed length control field 00652nam a2200241 a 4500
001 - CONTROL NUMBER
control field 3799
003 - CONTROL NUMBER IDENTIFIER
control field BD-DhUET
008 - FIXED-LENGTH DATA ELEMENTS--GENERAL INFORMATION
fixed length control field 850523s1985 nyua b 001 0 eng
020 ## - INTERNATIONAL STANDARD BOOK NUMBER
International Standard Book Number 0070448280
040 ## - CATALOGING SOURCE
Modifying agency BD-DhUET
Transcribing agency 0
082 0# - DEWEY DECIMAL CLASSIFICATION NUMBER
Classification number 660.2842
Item number MCC/1985
100 1# - MAIN ENTRY--PERSONAL NAME
Personal name McCabe, Warren L.
245 10 - TITLE STATEMENT
Title Unit operations of chemical engineering
250 ## - EDITION STATEMENT
Edition statement 4th ed.
260 ## - PUBLICATION, DISTRIBUTION, ETC. (IMPRINT)
Place of publication, distribution, etc. New York
Name of publisher, distributor, etc. McGraw-Hill
Date of publication, distribution, etc. 1985
300 ## - PHYSICAL DESCRIPTION
Extent x, 960 p.
Other physical details ill.
Dimensions 25 cm.
490 1# - SERIES STATEMENT
Series statement McGraw-Hill chemical engineering series
504 ## - BIBLIOGRAPHY, ETC. NOTE
Bibliography, etc Includes bibliographies
650 #0 - SUBJECT ADDED ENTRY--TOPICAL TERM
Topical term or geographic name as entry element Chemical Processer
700 1# - ADDED ENTRY--PERSONAL NAME
Personal name Smith, Julian C.
700 1# - ADDED ENTRY--PERSONAL NAME
Personal name Harriott, Peter.
942 ## - ADDED ENTRY ELEMENTS (KOHA)
Koha item type General Book
Holdings
Damaged status Shelving location Lost status Withdrawn status Koha item type Source of classification or shelving scheme Koha issues (times borrowed) Koha date last borrowed Not for loan Koha full call number Koha normalized classification for sorting Sublocation or collection (holding branch) Piece designation (barcode) Location (home branch) Copy number Price effective from Koha date last seen Date acquired
 Circulation section  General Book    660.2842/MCC/1985660_000000000000000_2842MCC198Central Library, BUET72739Central Library, BUET12014-11-052016-10-232014-11-05
 Circulation section  General Book    660.2842/MCC/1985660_000000000000000_2842MCC198Central Library, BUET77549Central Library, BUET22014-11-052014-11-052014-11-05
 Circulation section  General Book 22018-11-14 660.2842/MCC/1985660_000000000000000_2842MCC198Central Library, BUET77550Central Library, BUET32014-11-052018-12-042014-11-05
 Reading section  Reading Item    660.2842/MCC/1985660_284200000000000_MCC_1985Central Library, BUET68731Central Library, BUET42015-07-012015-07-012015-07-01
 Rental section  Rental Item    660.2842 MCC/1985660_284200000000000_MCC_1985Central Library, BUET73910Central Library, BUET৪/ক-১2024-11-252024-11-251989-06-27
 Rental section  Rental Item    660.2842 MCC/1985660_284200000000000_MCC_1985Central Library, BUET73911Central Library, BUET৪/ক-২2024-11-252024-11-251989-06-27
 Rental section  Rental Item    660.2842 MCC/1985660_284200000000000_MCC_1985Central Library, BUET73912Central Library, BUET৪/ক-৩2024-11-252024-11-251989-06-27
 Rental section  Rental Item    660.2842 MCC/1985660_284200000000000_MCC_1985Central Library, BUET73913Central Library, BUET৪/ক-৪2024-11-252024-11-251989-06-27
 Rental section  Rental Item    660.2842 MCC/1985660_284200000000000_MCC_1985Central Library, BUET73914Central Library, BUET৪/ক-৫2024-11-252024-11-251989-06-27
 Rental section  Rental Item    660.2842 MCC/1985660_284200000000000_MCC_1985Central Library, BUET73915Central Library, BUET৪/ক-৬2024-11-252024-11-251989-06-27
 Rental section  Rental Item    660.2842 MCC/1985660_284200000000000_MCC_1985Central Library, BUET73916Central Library, BUET৪/ক-৭2024-11-252024-11-251989-06-27
 Rental section  Rental Item    660.2842 MCC/1985660_284200000000000_MCC_1985Central Library, BUET73917Central Library, BUET৪/ক-৮2024-11-252024-11-251989-06-27
 Rental section  Rental Item    660.2842 MCC/1985660_284200000000000_MCC_1985Central Library, BUET73918Central Library, BUET৪/ক-৯2024-11-252024-11-251989-06-27
 Rental section  Rental Item    660.2842 MCC/1985660_284200000000000_MCC_1985Central Library, BUET73919Central Library, BUET৪/ক-১০2024-11-252024-11-251989-06-27
 Rental section  Rental Item    660.2842 MCC/1985660_284200000000000_MCC_1985Central Library, BUET73934Central Library, BUET৪/ক-২৫2024-11-252024-11-251989-06-27
 Rental section  Rental Item    660.2842 MCC/1985660_284200000000000_MCC_1985Central Library, BUET73935Central Library, BUET৪/ক-২৬2024-11-252024-11-251989-06-27